| 000 | 00459cam a2200169ua 4500 | ||
|---|---|---|---|
| 041 |
_aeng _h |
||
| 082 |
_a937.06 _bGIB/DE |
||
| 100 | _aGibbon, . | ||
| 245 |
_aDecline and fall of the Roman Empire, Vol 1 / _cGibbon. _hTextual Documents |
||
| 260 |
_aLondon : _bJ M Dent and Sons Ltd , _c1960. |
||
| 300 | _a504 ; . | ||
| 440 | 0 |
_aEveyman`s Library, _v434 _x; |
|
| 490 | 0 |
_aEveyman`s Library, _v434 _x; |
|
| 504 | _a | ||
| 942 | _cBK | ||
| 999 |
_c6221 _d6221 |
||